Τα ιερά γράμματα : ήτοι η Παλαιά και η Νέα Διαθήκη μεταφρασθέντα εκ των θείων αρχετύπων

Αποθηκεύτηκε σε:
Λεπτομέρειες βιβλιογραφικής εγγραφής
Μορφή: Βιβλίο
Γλώσσα:Greek
Δημοσίευση: Αθήνα : Βιβλική Εταιρεία, 1995
Θέματα:
Ετικέτες: Προσθήκη ετικέτας
Δεν υπάρχουν, Καταχωρήστε ετικέτα πρώτοι!

MARC

LEADER 00000nam a2200000 i 4500
001 1/9708
008 970314s1995 gre d
020 |a 0-564-08049-7 
035 |l 10017586 
040 |a GR-MY-UA  |b gre  |e aacr 
041 0 |a gre 
082 0 |a 220 
245 1 3 |a Τα ιερά γράμματα :  |b ήτοι η Παλαιά και η Νέα Διαθήκη μεταφρασθέντα εκ των θείων αρχετύπων 
260 |a Αθήνα :   |b Βιβλική Εταιρεία,   |c 1995 
300 |a 255 σ.  |b χάρτες 
630 0 0 |a Bible. Greek. 
852 |a INST  |b LESVOS  |e 19970314  |h 220 ΙΕΡ  |p 005100011810  |q 005100011810  |t BK  |y 0 
909 |a Λ  |b 027926